000 01081cam a22003373a 4500
001 12449
003 PGUSA
005 20140828083251.0
008 040501s2004||||xxu|||||s|||||000 1 eng d
040 _aPGUSA
_beng
042 _adc
050 4 _aPR
100 1 _aYonge, Charlotte M.
_q(Charlotte Mary),
_d1823-1901
245 1 2 _aA Reputed Changeling :
_bOr Three Seventh Years Two Centuries Ago
_h[electronic resource] /
_cCharlotte M. Yonge
260 _bProject Gutenberg,
_c2004
506 _aPublic domain in the USA.
516 _aElectronic text
653 _aUncles -- Fiction
653 _aChristian life -- Fiction
653 _aConduct of life -- Fiction
653 _aAdventure stories
653 _aVoyages and travels -- Fiction
653 _aFriendship -- Fiction
653 _aCourtship -- Fiction
653 _aWidows -- Fiction
653 _aGreat Britain -- History -- 17th century -- Fiction
653 _aYouth and death -- Fiction
830 0 _aProject Gutenberg
_v12449
856 4 0 _uhttp://www.gutenberg.org/ebooks/12449
942 _cEB
999 _c241704
_d241704